000 00536nam a2200205Ia 4500
005 20240322142009.0
008 131103s9999 xx 000 0 und d
020 _a0 7100 6187 0
040 _aLoreto College
041 _aEnglish
082 _a155.4
_bISA
100 _aIsaacs, Susan
245 _aIntellectual Growth in Young Children
_cSusan Isaacs
260 _aLondon
_bRoutledge & kegan paul
_c1970
300 _a370p
504 _aIncludes appendix and index
650 _aPsychology
850 _aLCBED
942 _cBK
999 _c26742
_d77221